LEADER 01300nam 2200253la 450 001 9910481335703321 005 20221102155400.0 035 $a(UK-CbPIL)2090346439 035 $a(CKB)5500000000084988 035 $a(EXLCZ)995500000000084988 100 $a20221102d1669 uy | 101 0 $alat 135 $aurcn||||a|bb| 200 10$aGeorgii Sinclari ... Ars nova et magna gravitatis et levitatis. Sive Dialogorum philosophicorum libri sex de aeris vera? ac reali gravitate, &c. Quibus accesse?re De instrumentis hydragogicis libri duo: De hygroscopio, & chronoscopio seu pendulo liber unus, nec non Palladis gymnasium, . 210 $aRotterdam $c[s.n.]$d1669 215 $aOnline resource ([28], 625, [19] p., [3] c. di tav. ripieg., 4º) 300 $aReproduction of original in Biblioteca Nazionale Centrale di Firenze. 700 $aSinclair$b George$f1696.$0939718 801 0$bUk-CbPIL 801 1$bUk-CbPIL 906 $aBOOK 912 $a9910481335703321 996 $aGeorgii Sinclari ... Ars nova et magna gravitatis et levitatis. Sive Dialogorum philosophicorum libri sex de aeris verâ ac reali gravitate, &c. Quibus accessêre De instrumentis hydragogicis libri duo: De hygroscopio, & chronoscopio seu pendulo liber unus, nec non Palladis gymnasium,$92118637 997 $aUNINA